000 00922nam a2200253Ia 4500
003 OSt
005 20220916110904.0
006 a|||||r|||| 00| 0
007 ta
008 220915b |||||||| |||| 00| 0 hin d
024 _a240320
037 _cTextbook
040 _bhin
_aARTS
_cARTS
041 _ahin
082 _aO15,1A1:g, 152P2 (TTPS)
100 _aमिश्र, राधिकाप्रसाद
245 0 _aरामायण के आनुषगिक सन्दर्भ
246 _aBhās kā ragamacha: nibandha aur sanvāda
260 _aदिल्ली
_bभारतीय विधा प्रकाशन भारत
_c2002
300 _a264पण्
_ccm.
650 _aहिन्दी साहित्य
942 _hO15,1A1:g, 152P2 (TTPS)
_cTB
_2CC
999 _c100505
_d100505